| 000 | 00325 a2200109 4500 | ||
|---|---|---|---|
| 020 | _a9780195478297 | ||
| 082 | _a954.91 NOO | ||
| 100 | _aNoorani, A. G. | ||
| 245 |
_aJinnah and Tilak Comrades in the Freedom Struggle / _cA. G. Noorani |
||
| 260 |
_aPakistan : _bOxford university press, _c2010 |
||
| 300 |
_axviii, 465p. : _bill. ; _c25 cm |
||
| 650 | _aJinnah | ||
| 999 |
_c2340 _d2340 |
||